Estadísticas para Curiosidades de países

Haz click aquí para intentar la prueba.

Estadísticas generales

  • Esta prueba ha sido intentada 77 veces
  • La puntuación promedio es 4 de 15

Estadísticas de respuestas

CuriosidadPaís% Correcto
País donde está alojada la mayor plaza de toros del mundoMéxico
60%
País cuya capital es la más fría del planetaMongolia
48%
Único país en el que viven tanto osos polares como pingüinosNoruega
48%
País democrático que estuvo 589 días sin gobiernoBélgica
29%
País más pobre del mundo que tiene una medalla olímpicaBurundi
27%
Es el país menos visitado de la TierraTuvalu
27%
País que fue el primero en ofrecer a sus ciudadanos el voto onlineEstonia
24%
Junto a Dominica, son los únicos países que en su bandera está el color moradoNicaragua
23%
País más bombardeado per cápita en la historia del mundoLaos
19%
Fue el país más grande de Europa en el siglo XVLituania
15%
Este país fue proclamado como primer estado ateo del mundoAlbania
11%
En este país se encuentra el cementerio más colorido del mundoRumanía
11%
Más de la mitad de los camellos del mundo residen en este paísSomalia
8%
País en el que se encuentran la mayoría de huellas de dinosaurioLesoto
6%
Si una mujer se queda viuda en este país se tiene que cortar todo el peloRepública del Congo
5%

Distribución de puntuación

Porcentaje por número respondido

Porcentaje de gente con cada puntuación

Historial de tus puntuaciones

No has intentado esta prueba.